Rodinné podnikanie na Slovensku diplomová práca

Gespeichert in:
Bibliographische Detailangaben
1. Verfasser: Droblenková, Sabína
Körperschaft: Obchodná fakulta EU. Katedra služieb a cestovného ruchu - zrušené
Weitere Verfasser: Krošláková, Monika, 1975-
Format: Buch
Sprache:Slowakisch
Veröffentlicht: Bratislava 2012
Tags: Tag hinzufügen
Keine Tags, Fügen Sie das erste Tag hinzu!

MARC

LEADER 00000nbm a2200000 4500
001 0158900
005 20161109102215.8
041 0 |a slo 
044 |a SK 
245 1 0 |a Rodinné podnikanie na Slovensku  |b diplomová práca  |c Sabína Droblenková ; školiteľ: Monika Krošláková 
264 1 |a Bratislava  |c 2012 
300 |a 85 s. 
100 1 |a Droblenková, Sabína 
700 1 |a Krošláková, Monika, 1975- 
710 2 |a Obchodná fakulta EU. Katedra služieb a cestovného ruchu - zrušené